Statistiche per Paesi più vicini al Bhutan

Clicka qui per fare il quiz!

Statistiche generali

  • Questo quiz è stato fatto 34 volte
  • Il punteggio medio è 18 su 20

Statistiche sulle risposte

kmnazione% Corretto
0Cina
100%
0India
100%
993Thailandia
100%
1805Cambogia
97%
1764Kirghizistan
97%
1074Laos
97%
1693Mongolia
97%
297Birmania
93%
63Nepal
93%
1410Pakistan
93%
1703Tagikistan
93%
1714Afghanistan
90%
2108Sri Lanka
90%
2369Turkmenistan
90%
2055Uzbekistan
90%
1779Kazakistan
86%
1131Vietnam
86%
2357Indonesia
79%
2329Russia
79%
43Bangladesh
76%

Distribuzione punteggi

Percentile per numero di risposta

Percentuale di utenti per punteggio

I tuoi punteggi nel tempo

Non hai fatto questo quiz